MDQL
is popping MORE tags! Check the
thread
!
Quizzes
Events
Quiz Creation
Community
Videos
Private Events
Remove Ads
Sign In
Join for FREE
Feedback
Dark Mode
Quiz Categories
Sports
Geography
Music
Movies
Television
Just For Fun
Miscellaneous
History
Literature
Language
Science
Gaming
Entertainment
Religion
Holiday
For Kids
Quiz Lab
Recent
Popular Today
Quiz Kudos Today
Editor Picks
Curator Picks
Quizzes by...
Day
Popularity
Type
Ratings
Length
Year
Community
Subscriptions
Recent Discussions
Orange Saloon
Badges
Playlists
Quests
Create
Leaderboards
Showdown
Live 5
Trivia Bingo
Activity
Puzzle Library
Sporcle Events
Private Events
Virtual Trivia
Globe League
Become a Host
Pub Owners
SporcleCon
Opinionation
Our Games
Videos
Blog
Mobile Apps
Partnerships
Remove Ads and Go Orange
Feedback
Sports
Athletes
MLB
NBA
NHL
NFL
Soccer
Sports Teams
WWE
NCAA
Football
Premier League
Basketball
Baseball
Hockey
Golf
Tennis
Cricket
Rugby
Auto Racing
Olympics
World Cup
Sports
Athletes
MLB
NBA
NHL
NFL
Soccer
Sports Teams
WWE
NCAA
Football
Premier League
Basketball
Baseball
Hockey
Golf
Tennis
Cricket
Rugby
Auto Racing
Olympics
World Cup
Random Quiz
Search Sporcle
×
Quiz Lab
Quiz Lab
Sports
Baseball
Type in answers that appear in a list
Type in answers that appear in a list
Classic
Best Score? Go Orange.
MLB Strikeout Leaders by Team (1990s) Stats
Can you name the strikeout leaders for each team for each season from 1990-1999?
By
RaysRule2010
20m
278 Questions
173 Plays
173 Plays
173 Plays
Comments
Comments
Give Quiz Kudos
Give Quiz Kudos
-
- Ratings
hide this ad
Replay
Link that replays current quiz
Next Quiz
Link to next quiz in quiz playlist
You Got
0%
They Got
Avg Score
61%
Avg Friend Score
Upgrade to see
Score Distribution
Jump to the score distribution portion of the page
Score
0/278
Timer
20:00
0
Plays Today
Hint
Word
% Correct
Diamondbacks
Randy Johnson
100%
Mariners
Randy Johnson
100%
Mariners
Randy Johnson
100%
Mariners
Randy Johnson
100%
Mariners
Randy Johnson
100%
Mariners
Randy Johnson
100%
Mariners
Randy Johnson
100%
Mariners
Randy Johnson
100%
Braves
John Smoltz
98.8%
Braves
John Smoltz
98.8%
Braves
John Smoltz
98.8%
Braves
John Smoltz
98.8%
Braves
John Smoltz
98.8%
Braves
John Smoltz
98.8%
Braves
Greg Maddux
98.3%
Braves
Greg Maddux
98.3%
Cubs
Greg Maddux
98.3%
Cubs
Greg Maddux
98.3%
Cubs
Greg Maddux
98.3%
Braves
Tom Glavine
96.5%
Red Sox
Roger Clemens
96.5%
Red Sox
Roger Clemens
96.5%
Red Sox
Roger Clemens
96.5%
Red Sox
Roger Clemens
96.5%
Red Sox
Roger Clemens
96.5%
Red Sox
Roger Clemens
96.5%
Red Sox
Pedro Martinez
96.5%
Red Sox
Pedro Martinez
96.5%
Dodgers
Ramon Martinez
96.5%
Expos
Pedro Martinez
96.5%
Expos
Pedro Martinez
96.5%
Expos
Pedro Martinez
96.5%
Blue Jays
Roger Clemens
96.5%
Blue Jays
Roger Clemens
96.5%
Expos
Dennis Martinez
96%
Expos
Dennis Martinez
96%
Expos
Jeff Fassero/Pedro Martinez
96%
Phillies
Curt Schilling
96%
Phillies
Curt Schilling
96%
Phillies
Curt Schilling
96%
Phillies
Curt Schilling
96%
Phillies
Curt Schilling
96%
Phillies
Curt Schilling
96%
Phillies
Curt Schilling
96%
Orioles
Mike Mussina
94.2%
Orioles
Mike Mussina
94.2%
Orioles
Mike Mussina
94.2%
Orioles
Mike Mussina
94.2%
Orioles
Mike Mussina
94.2%
Royals
David Cone
94.2%
Mets
David Cone
94.2%
Mets
David Cone
94.2%
Mets
David Cone
94.2%
Yankees
David Cone
94.2%
Yankees
David Cone
94.2%
Yankees
David Cone
94.2%
Marlins
Kevin Brown
92.5%
Dodgers
Kevin Brown
92.5%
Padres
Kevin Brown
92.5%
Rangers
Kevin Brown
92.5%
Rangers
Kevin Brown
92.5%
Tigers
Jack Morris
91.3%
Twins
Jack Morris
91.3%
Angels
Chuck Finley
87.9%
Angels
Chuck Finley
87.9%
Angels
Chuck Finley
87.9%
Angels
Chuck Finley
87.9%
Angels
Chuck Finley
87.9%
Angels
Chuck Finley
87.9%
White Sox
Jack McDowell
86.7%
White Sox
Jack McDowell
86.7%
White Sox
Jack McDowell
86.7%
White Sox
Jason Bere/Jack McDowell
86.7%
Reds
Jose Rijo
86.7%
Reds
Jose Rijo
86.7%
Reds
Jose Rijo
86.7%
Reds
Jose Rijo
86.7%
Reds
Jose Rijo
86.7%
Mets
Bret Saberhagen
86.7%
Yankees
Jack McDowell
86.7%
Athletics
Dave Stewart
86.7%
Athletics
Dave Stewart
86.7%
Tigers
David Wells
83.2%
Blue Jays
David Wells
83.2%
Marlins
Livan Hernandez
82.7%
Astros
Doug Drabek
82.7%
Pirates
Doug Drabek
82.7%
Pirates
Doug Drabek
82.7%
Pirates
Doug Drabek
82.7%
Yankees
Andy Pettitte
81.5%
Royals
Kevin Appier
80.3%
Royals
Kevin Appier
80.3%
Royals
Kevin Appier
80.3%
Hint
Word
% Correct
Royals
Kevin Appier
80.3%
Royals
Kevin Appier
80.3%
Rangers
Nolan Ryan
80.3%
Rangers
Nolan Ryan
80.3%
Angels
Mark Langston
79.8%
Angels
Mark Langston
79.8%
Angels
Mark Langston
79.8%
Angels
Mark Langston
79.8%
Dodgers
Hideo Nomo
79.8%
Dodgers
Hideo Nomo
79.8%
Dodgers
Hideo Nomo
79.8%
Brewers
Hideo Nomo
79.8%
Indians
Charles Nagy
78%
Indians
Charles Nagy
78%
Indians
Charles Nagy
78%
Indians
Charles Nagy
78%
Indians
Charles Nagy
78%
Yankees
Jimmy Key
78%
Marlins
Al Leiter
76.9%
Mets
Al Leiter
76.9%
Mets
Al Leiter
76.9%
Blue Jays
Al Leiter
76.9%
White Sox
Alex Fernandez
76.3%
White Sox
Alex Fernandez
76.3%
White Sox
Alex Fernandez
76.3%
Giants
Mark Leiter
76.3%
Mets
Dwight Gooden
75.1%
Braves
Kevin Millwood
72.8%
Blue Jays
Dave Stieb
72.8%
Cubs
Kerry Wood
72.3%
Blue Jays
Pat Hentgen
72.3%
Blue Jays
Pat Hentgen
72.3%
Astros
Darryl Kile
70.5%
Astros
Darryl Kile
70.5%
Expos
Jeff Fassero
68.8%
Twins
Brad Radke
68.2%
Twins
Brad Radke
68.2%
Twins
Brad Radke
68.2%
Athletics
Kenny Rogers
68.2%
Mets
Bobby Jones
67.6%
Diamondbacks
Andy Benes
67.1%
Padres
Andy Benes
67.1%
Padres
Andy Benes
67.1%
Padres
Andy Benes
67.1%
Padres
Andy Benes
67.1%
Cardinals
Andy Benes
67.1%
Athletics
Tim Hudson
65.9%
Indians
Bartolo Colon
64.7%
Phillies
Danny Jackson
64.7%
Orioles
Scott Erickson
62.4%
Twins
Scott Erickson
62.4%
Blue Jays
Juan Guzman
62.4%
Blue Jays
Juan Guzman
62.4%
Cubs
Jose Guzman
61.8%
Brewers
Teddy Higuera
61.8%
Rangers
Jose Guzman
61.8%
Giants
John Burkett
59.5%
Giants
John Burkett
59.5%
Rangers
John Burkett
59.5%
Marlins
John Burkett/Chris Hammond
59%
Astros
Shane Reynolds
58.4%
Astros
Shane Reynolds
58.4%
Astros
Shane Reynolds
58.4%
Pirates
Jason Schmidt
58.4%
Pirates
Jason Schmidt
58.4%
Yankees
Melido Perez
57.2%
Yankees
Melido Perez
57.2%
Marlins
Charlie Hough
55.5%
Twins
Mark Guthrie/Kevin Tapani
55.5%
Twins
Kevin Tapani
55.5%
Twins
Kevin Tapani
55.5%
Rangers
Aaron Sele
53.2%
Rangers
Aaron Sele
53.2%
Expos
Ken Hill
52.6%
Cardinals
Ken Hill
52.6%
Rangers
Ken Hill
52.6%
Pirates
Denny Neagle
52%
Pirates
Denny Neagle
52%
Pirates
Denny Neagle
52%
Giants
Bill Swift
52%
Mariners
Freddy Garcia
52%
Giants
Trevor Wilson
49.7%
Devil Rays
Wilson Alvarez
49.7%
Dodgers
Chan Ho Park
49.1%
Rockies
Pedro Astacio
48%
Rockies
Pedro Astacio
48%
Athletics
Todd Stottlemyre
47.4%
Cardinals
Todd Stottlemyre
47.4%
Cardinals
Todd Stottlemyre
47.4%
Cubs
Jon Lieber
46.2%
Reds
John Smiley
46.2%
Twins
John Smiley
46.2%
Athletics
Bobby Witt
46.2%
Hint
Word
% Correct
Athletics
Bobby Witt
46.2%
Pirates
Jon Lieber
46.2%
Padres
Andy Ashby
46.2%
Padres
Andy Ashby
46.2%
Dodgers
Tom Candiotti
45.1%
Cubs
Steve Trachsel
44.5%
Cubs
Steve Trachsel
44.5%
Athletics
Mike Moore
43.9%
Cardinals
Bob Tewksbury
42.8%
Phillies
Tommy Greene
41.6%
Tigers
Frank Tanana
40.5%
Tigers
Frank Tanana
40.5%
Orioles
Pete Harnisch
38.7%
Astros
Pete Harnisch
38.7%
Astros
Pete Harnisch
38.7%
Astros
Pete Harnisch
38.7%
Orioles
Ben McDonald
37.6%
Orioles
Ben McDonald
37.6%
Red Sox
Tom Gordon
37.6%
Royals
Tom Gordon
37.6%
Royals
Tom Gordon
37.6%
Brewers
Ben McDonald
37.6%
Tigers
Justin Thompson
36.4%
Tigers
Justin Thompson
36.4%
Brewers
Cal Eldred
36.4%
Brewers
Cal Eldred
36.4%
Brewers
Cal Eldred
36.4%
Giants
Russ Ortiz
35.8%
Brewers
Chris Bosio
33.5%
Padres
Bruce Hurst
33.5%
Reds
Pete Schourek
30.6%
Padres
Sterling Hitchcock
30.1%
Mariners
Sterling Hitchcock
30.1%
Yankees
Scott Sanderson
29.5%
Tigers
Tim Belcher
28.9%
Dodgers
Tim Belcher
28.9%
Red Sox
Erik Hanson
28.3%
Mariners
Erik Hanson
28.3%
Indians
Greg Swindell
27.2%
Indians
Greg Swindell
27.2%
Marlins
Ryan Dempster
27.2%
Mets
Mark Clark
26%
Giants
Shawn Estes
25.4%
Cubs
Jaime Navarro
24.3%
White Sox
Jaime Navarro
24.3%
Indians
Dave Burba
24.3%
Twins
Eric Milton
24.3%
Astros
Mark Portugal
23.7%
Giants
Mark Portugal
23.7%
Rockies
Kevin Ritz
22.5%
Rockies
Kevin Ritz
22.5%
Indians
Jose Mesa
22%
Dodgers
Kevin Gross
21.4%
Dodgers
Kevin Gross
21.4%
Padres
Joey Hamilton
21.4%
White Sox
Mike Sirotka
20.8%
White Sox
Mike Sirotka
20.8%
Brewers
Bill Wegman
20.8%
Rockies
Greg Harris
20.2%
Cardinals
Donovan Osborne
20.2%
Yankees
Tim Leary
19.7%
Marlins
Pat Rapp
19.1%
Blue Jays
Duane Ward
19.1%
Reds
Brett Tomko
18.5%
Reds
Brett Tomko
18.5%
Rockies
John Thomson
17.3%
Expos
Dustin Hermanson
17.3%
Expos
Dustin Hermanson
17.3%
Cardinals
Jose DeLeon
17.3%
Tigers
Dave Mlicki
15.6%
Mets
Dave Mlicki
15.6%
Giants
Mark Gardner
15%
Giants
Mark Gardner
15%
Devil Rays
Tony Saunders
15%
Royals
Jose Rosado
14.5%
Royals
Jose Rosado
14.5%
Orioles
Bob Milacki
13.3%
Rockies
Bruce Ruffin
13.3%
Cardinals
Omar Olivares
12.7%
Cardinals
Kent Bottenfield
12.7%
Rangers
Roger Pavlik
12.1%
Tigers
Felipe Lira
10.4%
Tigers
Felipe Lira
10.4%
Pirates
Steve Cooke
10.4%
Brewers
Steve Woodard
9.8%
Brewers
Steve Sparks
9.2%
Athletics
Carlos Reyes
8.7%
Athletics
Steve Karsay
8.7%
Cubs
Kevin Foster
7.5%
Reds
Mike Remlinger
7.5%
Phillies
Pat Combs
7.5%
Cardinals
Vicente Palacios
2.3%
Quiz Playlist
Details
Report
Send in Message
Add To Playlist
Classic:
Type in answers that appear in a list
Last Updated: Oct 24, 2018
Quiz Scoreboard
CHALLENGE
Sign Up to Join the Scoreboard
Show All
Scores
Hide
Comments
May contain spoilers
Recently Published
1-10 Letter E Words III
by El_Dandy
Language
2m
Street Fighter Characters
by Artimus82
Gaming
60s
College Basketball Coaching Resumes
by pancakes188
Sports
9m
More to Explore
Quiz From the Vault
Featured Blog Post
Where Did the Easter Bunny Come From?
hide this ad
You Might Also Like...
Tags
Baseball Quiz
MLB Quiz
1990
Leader
season
team
Today's Top Quizzes in Sports
Browse Sports
hide this ad
Today's Top Quizzes in Baseball
Browse Baseball
Top Contributed Quizzes in Sports
1
2022 World Cup Stars
2
Les meilleurs buteurs des matchs entre le PSG et l’OM
3
FIFA Club World Cup Champions
4
Les entraîneurs de l'OM et du PSG au 21e siècle
5
Criteria MLB: Left Handed Sluggers
6
2023 MLB Unique Player Accomplishments
7
AFC Teams Reveal (Wrong Answers Minefield)
8
Players with Multiple 50 Home Run Seasons
9
NBA Logic Puzzle 2.0
10
5-to-1: FBS Animal Nicknames
Explore More
Trending Topics
Crossword
Kpop
Marvel
Harry Potter
Disney
NBA
Anime
Pokémon
Country
WWE
NFL
Puzzle
The Office
Soccer
Song
hide this ad
More By:
RaysRule2010
Quiz
Plays
Rating
Category
Featured
Created
Sports Logos II
317,090
4.02
Sports
Feb 5, 2011
Safe Cracker: Sports
282,018
2.50
Sports
Jan 13, 2011
Baby Names: Per Letter (2000s)
89,958
3.89
Miscellaneous
Dec 13, 2010
'S' Country per Second Letter
78,385
4.56
Geography
Feb 7, 2011
Cleveland Cavaliers All-Time Leaders
77,099
4.45
Sports
Feb 19, 2014
Go to Creator's Profile
Score Distribution
Quiz Creator Spotlight
RaysRule2010
Follow
Send a Message
Quizzes Created
-
Created Quiz Play Count
-
More By This Creator
Popular Quizzes Today
1
Find the US States - No Outlines Minefield
2
Find the Countries of Europe - No Outlines Minefield
3
Find the US States
4
The Countries of the World
5
Risky Map Clicking: Biggest States A-Z
6
US States
7
Popular People in 1961
8
Movies - When Are They Set?
More Sports Quizzes
NHL European 50 Goal Scorers
Quiz Lab
Trending Quizzes
Risky Map Clicking: Least Populous States A-Z
1-10 Letter G Words
1-10 Letter F Words
Countries of the World: 200 Million BC
Risky Map Clicking: Next State Alphabetically
Recently Updated
Rides in Walt Disney World
pecheneg
Most Oscar Losses (Acting)
pecheneg
Beyoncé Albums
pecheneg
Leaping Animals
pecheneg
Reality TV Shows (A-Z)
bhenderson79
Rickey Henderson's Hall of Fame Teammates
pecheneg
Champions League XIs: Arsenal
pecheneg
Quick Pick: Celebrities in WWE's Hall of Fame
aduchscher
A-Z Keypad Blitz II
pecheneg
Trending Topics
NBA
Marvel
Harry Potter
Crossword
Disney
Anime
Kpop
Song
Country
Soccer
Pokémon
The Office
Puzzle
WWE
NFL
Your Account Isn't Verified!
In order to create a playlist on Sporcle, you need to verify the email address you used during registration. Go to your
Sporcle Settings
to finish the process.
Report this User
Report this user for behavior that violates our
Community Guidelines
.
Details:
Send Report
Go to the Sporcle.com Mobile Site →
Comments